000 00606nam a2200193Ia 4500
003 GCL
008 140319s9999 xx 000 0 ara d
040 _aGCL /
_cGCL
082 0 4 _a191
_bى ح
100 1 _aيمنى طريف الخولى
245 1 0 _aالحرية الانسانية والعلم مشكلة فلسفية /
_cيمنى طريف الخولى
260 _a[S.N] :
_bدار الثقافة الجديدة ،
_c1990
300 _a245 ص
490 _a
650 0 4 _aالفلسفة
650 0 4 _aالفلسفة العقلية
650 0 4 _aالفلسفة الحديثة
942 _2ddc
_cBK
999 _c36497
_d36497